Miguel de Unamuno
Guardat en:
| Autor principal: | |
|---|---|
| Format: | Llibre |
| Idioma: | espanyol |
| Publicat: |
Buenos Aires
La Mandrágora
1952
|
| Matèries: | |
| Etiquetes: |
Afegir etiqueta
Sense etiquetes, Sigues el primer a etiquetar aquest registre!
|
MARC
| LEADER | 00000nam a2200000 a 4500 | ||
|---|---|---|---|
| 001 | UCT2942 | ||
| 003 | CL-VaPUC | ||
| 008 | 961018e19520000AG |||||||||||||||||spa|d | ||
| 082 | 0 | 4 | |a 863.09 |b MAR |2 21 |
| 100 | |a Albérès, Rene-Marill |e autor |9 414064 | ||
| 245 | 1 | 0 | |a Miguel de Unamuno |
| 300 | |a 171 p | ||
| 942 | |c BK | ||
| 945 | |d 19961018 00:00:00 |a rleighto | ||
| 260 | |a Buenos Aires |b La Mandrágora |c 1952 | ||
| 600 | 0 | 7 | |a UNAMUNO, MIGUEL DE |2 CL-VaPUC |9 312478 |
| 650 | 7 | |a NOVELA ESPAÑOLA |2 CL-VaPUC |9 313139 | |
| 650 | 0 | |a Crítica e interpretación |9 255042 | |
| 650 | 0 | |a Crítica literaria |9 269189 | |
| 583 | |a last modification |c 19961018 00:00:00 |k Rodrigo Vera | ||
| 999 | |c 252831 |d 252829 | ||
| 952 | |0 0 |1 0 |4 0 |6 863_090000000000000_MAR_1952 |7 0 |8 A |9 272945 |a BIBEDU |b BIBEDU |d 2019-11-19 |i 3242455 |o 863.09 MAR 1952 |p 3242455 |r 2019-11-19 |w 2019-11-19 |y BK |k LIT | ||